Guida al dialogo con le religioni (Record n. 349944)

Dettagli MARC
000 -LEADER
fixed length control field 01184nam a2200265Ia 4500
001 - CONTROL NUMBER
control field 291.1-GUI di (18528)
003 - CONTROL NUMBER IDENTIFIER
control field IT-MiSPE
008 - FIXED-LENGTH DATA ELEMENTS--GENERAL INFORMATION
fixed length control field 171229s9999||||xx |||||||||||||| ||und||
040 ## - CATALOGING SOURCE
Original cataloging agency IT-MiSPE
Transcribing agency IT-MiSPE
041 ## - LANGUAGE CODE
Language code of text/sound track or separate title ITALIANO
999 ## - SYSTEM CONTROL NUMBERS (KOHA)
Koha Dewey Subclass [OBSOLETE] NO
100 ## - MAIN ENTRY--PERSONAL NAME
Personal name AA.VV.
240 ## - UNIFORM TITLE
Uniform title Vers la rencontre des Religions: Suggestions pour le dialogue: Partie général
245 #0 - TITLE STATEMENT
Title Guida al dialogo con le religioni
250 ## - EDITION STATEMENT
Edition statement 1a ed. (v)
260 ## - PUBLICATION, DISTRIBUTION, ETC. (IMPRINT)
Place of publication, distribution, etc. Brescia
Name of publisher, distributor, etc. Queriniana
Date of publication, distribution, etc. 1968
300 ## - PHYSICAL DESCRIPTION
Extent 100 p.
Dimensions 20 cm
490 ## - SERIES STATEMENT
Series statement Giornale di Teologia
Volume/sequential designation 23
501 ## - WITH NOTE
With note Edizioni San Paolo srl - Piazza Soncino, 5 - 20092 CINISELLO BALSAMO (MI) (non commercial uses only) ® Copyright 2018
520 ## - SUMMARY, ETC.
Summary, etc. Piero Rossano (ed. it.). Segretariato per i non cristiani
700 ## - ADDED ENTRY--PERSONAL NAME
Personal name Piero Rossano
700 ## - ADDED ENTRY--PERSONAL NAME
Personal name Tilla David
Miscellaneous information (traduzione)
942 ## - ADDED ENTRY ELEMENTS (KOHA)
Koha item type LIBRO
957 ## -
-- 1
999 ## - SYSTEM CONTROL NUMBERS (KOHA)
-- Copie: 1
Dati di copia
Withdrawn status Lost status Damaged status Not for loan Home library Current library Date acquired Total Checkouts Full call number Date last seen Price effective from Koha item type Public note
    Buone Condizioni Not For Loan CINISELLO CINISELLO 30/12/2017   291.1-GUI di (18528) 30/12/2017 30/12/2017 LIBRO (data import: 20 dicembre 2017) - By Epidotti, Vaglietti.
CREDITS: SOCIETA' SAN PAOLO Via A.Severo, 58 - ROMA (RM) & PERIODICI SAN PAOLO SRL Via Giotto, 36 MILANO & CISF Via Giotto, 36 MILANO & EDIZIONI SAN PAOLO SRL,  Piazza Soncino, 5 CINISELLO BALSAMO (MI) -- ITALY